Compte=Rendu des Travaux de la IV Conference Hydrologiqe des états Baltiques: Tenue á Leningrad en Septembre 1933

Chi tiết về thư mục
Ngôn ngữ:Tiếng Pháp
Được phát hành: Leningrad, 1933
Những chủ đề:
Định dạng: Sách
KOHA link:https://koha.lib.tpu.ru/cgi-bin/koha/opac-detail.pl?biblionumber=156749

MARC

LEADER 00000nam0a2200000 4500
001 156749
005 20231031153359.0
035 |a (RuTPU)RU\TPU\book\169997 
090 |a 156749 
100 |a 20090330d1934 m y0rusy50 ca 
101 0 |a fre 
102 |a RU 
105 |a a z 000zy 
200 1 |a Compte=Rendu des Travaux de la IV Conference Hydrologiqe des états Baltiques  |e Tenue á Leningrad en Septembre 1933 
210 |a Leningrad  |d 1933 
215 |a 433 с.  |c il. 
610 1 |a геология 
610 1 |a гидрогеология 
610 1 |a история 
610 1 |a научные исследования 
610 1 |a конференции 
610 1 |a доклады 
610 1 |a французский язык 
675 |a 556.3  |v 3 
801 1 |a RU  |b 63413507  |c 20090330  |g PSBO 
801 2 |a RU  |b 63413507  |c 20091123  |g RCR 
942 |c BK